[Event "1st Capablanca Mem IM"]
[Site "Heraklion GRE"]
[Date "2017.04.24"]
[Round "9.3"]
[White "Anagnostopoulos,Konstantinos"]
[Black "Taylor,Adam C"]
[Result "0-1"]
[WhiteElo "2201"]
[BlackElo "2231"]

1.d4 Nf6 2.Nf3 d6 3.c4 g6 4.Nc3 Bg7 5.e4 O-O 6.Be2 e5 7.O-O exd4 8.Nxd4 Re8
9.f3 Nc6 10.Nc2 a5 11.Ne3 Nh5 12.Nc2 Nb4 13.Nxb4 axb4 14.Nb5 Bd7 15.Qb3 Bxb5
16.cxb5 Bd4+ 17.Rf2 Bxf2+ 18.Kxf2 Qh4+ 19.Kg1 Qe1+ 20.Bf1 d5 21.g4 dxe4
22.gxh5 e3 23.Bxe3 Qxe3+ 24.Qxe3 Rxe3 25.Kf2 Rb3 26.Kg3 Rxb2 27.Rc1 Rc8 28.Bc4
gxh5 29.Rd1 h4+ 30.Kxh4 Rxh2+ 31.Kg5 Rh3 32.f4 Rc3 33.Bb3 Kg7 34.Rd7 h6+
35.Kg4 Rf8 36.b6 cxb6 37.Rxb7 Rc6 38.Kf5 Rf6+ 39.Ke4 Re8+ 40.Kf3 Re1 41.Bc4
Rc1 42.Bb3 Rf1+ {#R} 0-1

[Event "20th Heraklion Open 2017"]
[Site "Heraklion GRE"]
[Date "2017.04.24"]
[Round "9.3"]
[White "Vitsaxakis,Nikolaos"]
[Black "Fragiadakis,E"]
[Result "0-1"]
[WhiteElo "1726"]
[BlackElo "1827"]

1.d4 d5 2.Bf4 Nf6 3.e3 c5 4.Nf3 Nc6 5.c3 e6 6.Nbd2 Bd6 7.Ne5 Qe7 8.Bd3 Bd7
9.Qe2 Rc8 10.a3 O-O 11.h4 Ne8 12.Rh3 f5 13.h5 Nf6 14.Ndf3 c4 15.Bc2 b5 16.Nh4
Bxe5 17.Bxe5 Nxe5 18.dxe5 Ng4 19.f4 Qc5 20.Kd2 a5 21.Rg3 Nh6 22.Rh3 b4 23.Rhh1
bxc3+ 24.bxc3 Rb8 25.Ra2 Rb7 26.Nf3 Rfb8 27.Qd1 Ng4 28.Qe2 Rb2 29.Raa1 Nxe3
30.Nd4 Nxc2 31.Nxc2 d4 32.cxd4 Qxd4+ 33.Ke1 Rxc2 {#R} 0-1

[Event "20th Heraklion Open 2017"]
[Site "Heraklion GRE"]
[Date "2017.04.24"]
[Round "9.5"]
[White "Hristodoulaki,A"]
[Black "Mamoulakis,E"]
[Result "1-0"]
[WhiteElo "1994"]
[BlackElo "2117"]

1.e4 c5 2.Nf3 d6 3.d4 cxd4 4.Nxd4 Nf6 5.Nc3 a6 6.Be3 e5 7.Nb3 Be6 8.f4 exf4
9.Bxf4 Nc6 10.h3 Be7 11.Qe2 Ne5 12.O-O-O Qc7 13.Nd4 Bc4 14.Qe1 O-O 15.Nf5 Rac8
16.Bxe5 Bxf1 17.Nxe7+ Qxe7 18.Bxd6 {#r} 1-0

[Event "20th Heraklion Open 2017"]
[Site "Heraklion GRE"]
[Date "2017.04.24"]
[Round "9.8"]
[White "Dhruv,Easwar"]
[Black "Antic,De"]
[Result "0-1"]
[WhiteElo "1753"]
[BlackElo "2472"]

1.e4 e6 2.d4 d5 3.Nd2 c5 4.Ngf3 Nc6 5.exd5 exd5 6.Bb5 Bd6 7.dxc5 Bxc5 8.O-O
Ne7 9.Nb3 Bb6 10.Qe2 O-O 11.Bg5 h6 12.Bxc6 hxg5 13.Nxg5 bxc6 14.Rae1 Nf5
15.Qh5 Nh6 16.Rc1 f6 17.Nh3 Bg4 18.Qh4 Re8 19.Rfe1 Qd6 20.Qg3 Qxg3 21.hxg3 g5
22.Kh2 Bxh3 23.Kxh3 Kf7 24.Rxe8 Rxe8 25.Rf1 Re2 26.Na1 Bxf2 27.a4 f5 28.g4
fxg4+ 29.Kh2 g3+ 30.Kh3 Re4 {#R} 0-1

[Event "World Senior Teams +50"]
[Site "Hersonissos GRE"]
[Date "2017.04.24"]
[Round "1.1"]
[White "Becker,No"]
[Black "Short,N"]
[Result "0-1"]
[WhiteElo "2106"]
[BlackElo "2683"]

1.e4 c5 2.Nf3 d6 3.c3 Nf6 4.Bd3 g5 5.Nxg5 Rg8 6.Bb5+ Bd7 7.Bxd7+ Qxd7 8.d3 h6
9.Nh3 Rxg2 10.Nf4 Rg8 11.Nh5 Nc6 12.Nxf6+ exf6 13.Bf4 f5 14.Nd2 O-O-O 15.Qf3
fxe4 16.dxe4 Qe6 17.Bg3 Be7 18.O-O Bg5 19.Qe2 Bxd2 20.Qxd2 h5 21.Kh1 h4 22.Bf4
Qxe4+ 23.f3 Qf5 24.Rg1 Ne5 25.Rxg8 Rxg8 26.Rf1 Nc4 27.Qc1 Nxb2 28.Bxd6 Qh3
29.Rf2 Nd3 30.Qf1 Qxf1+ 31.Rxf1 Kd7 32.c4 b5 {#R} 0-1

[Event "World Senior Teams +50"]
[Site "Hersonissos GRE"]
[Date "2017.04.24"]
[Round "1.1"]
[White "Nunn,J"]
[Black "Beilfuss,W"]
[Result "1-0"]
[WhiteElo "2600"]
[BlackElo "2176"]

1.e4 c5 2.Nf3 Nc6 3.Bb5 Qb6 4.Nc3 e6 5.Bxc6 Qxc6 6.O-O a6 7.Re1 d6 8.d4 cxd4
9.Nd5 e5 10.c3 d3 11.Qxd3 Be7 12.b3 Nf6 13.Nxe7 Kxe7 14.Ba3 Nd7 15.Rad1 Nc5
16.Nxe5 dxe5 17.Qe3 b6 18.b4 f6 19.bxc5 b5 20.Rd6 Qc7 21.c6 Kf7 22.Red1 Re8
23.Rd7+ {#r} 1-0

[Event "World Senior Teams +50"]
[Site "Hersonissos GRE"]
[Date "2017.04.24"]
[Round "1.1"]
[White "Chapman,T"]
[Black "Thoele,Wolfgang"]
[Result "1-0"]
[WhiteElo "2247"]
[BlackElo "2018"]

1.Nf3 e6 2.c4 c5 3.g3 Nc6 4.Bg2 g6 5.d4 cxd4 6.Nxd4 Bg7 7.Nb5 Nge7 8.Nd6+ Kf8
9.Nc3 Bxc3+ 10.bxc3 Kg7 11.O-O Nf5 12.Nxf5+ exf5 13.Qd2 h6 14.Rd1 Qf6 15.c5 g5
16.c4 Qe7 17.Bb2+ f6 18.Qc3 Rf8 19.Rd6 Rf7 20.Rad1 Nd8 21.Qc2 Ne6 22.Qxf5 Nf8
23.Bf3 {#r} 1-0

[Event "World Senior Teams +50"]
[Site "Hersonissos GRE"]
[Date "2017.04.24"]
[Round "1.2"]
[White "Wagner Michel,A"]
[Black "Ivanov,Sergey1"]
[Result "0-1"]
[WhiteElo "2124"]
[BlackElo "2530"]

1.e4 c5 2.Nf3 e6 3.d4 cxd4 4.Nxd4 Nc6 5.Nxc6 bxc6 6.Bd3 Nf6 7.O-O d5 8.exd5
cxd5 9.Bf4 Qb6 10.Nc3 Be7 11.Bb5+ Bd7 12.Bxd7+ Nxd7 13.Re1 Nf6 14.Be5 O-O
15.h3 Rfd8 16.Qd3 Rac8 17.Rac1 d4 18.Nd1 Qa5 19.Re2 Qxa2 20.Qf3 d3 21.Rd2 Rxc2
22.Rdxc2 dxc2 23.Rxc2 Qb1 {#R} 0-1

[Event "World Senior Teams +50"]
[Site "Hersonissos GRE"]
[Date "2017.04.24"]
[Round "1.2"]
[White "Ionov,S"]
[Black "Wolf,Sy"]
[Result "1-0"]
[WhiteElo "2535"]
[BlackElo "2068"]

1.d4 Nf6 2.Bg5 h6 3.Bxf6 gxf6 4.c4 e5 5.Nc3 d6 6.e3 Bg7 7.g3 Nc6 8.Bg2 h5 9.h4
Bg4 10.Nge2 Bxe2 11.Nxe2 f5 12.Qa4 O-O 13.dxe5 Bxe5 14.O-O Rb8 15.Rab1 Bf6
16.Qc2 Ne7 17.Nf4 Qd7 18.Qe2 Bg7 19.Rfd1 Ng6 20.Nxh5 Qe7 21.Qc2 Qe5 22.Rd5
{#r} 1-0

[Event "World Senior Teams +50"]
[Site "Hersonissos GRE"]
[Date "2017.04.24"]
[Round "1.2"]
[White "Heyme,S"]
[Black "Solozhenkin,E"]
[Result "0-1"]
[WhiteElo "2013"]
[BlackElo "2443"]

1.Nf3 Nf6 2.c4 b6 3.g3 c5 4.Bg2 Bb7 5.O-O g6 6.b3 Bg7 7.Bb2 O-O 8.Nc3 Nc6 9.d3
d5 10.cxd5 Nxd5 11.Qd2 Nc7 12.Rac1 e5 13.Rfd1 Qe7 14.e3 Rad8 15.a3 Ne6 16.Qc2
Ncd4 17.Nxd4 exd4 18.Ne2 Bh6 19.Nf4 Bxg2 20.Nxg2 Ng5 21.Qe2 Rfe8 22.Re1 dxe3
23.fxe3 Qb7 24.Rf1 Rxe3 25.Qg4 Rexd3 26.Rce1 Nf3+ {#R} 0-1

[Event "World Senior Teams +50"]
[Site "Hersonissos GRE"]
[Date "2017.04.24"]
[Round "1.3"]
[White "Erneste,I"]
[Black "Huzman,A"]
[Result "0-1"]
[WhiteElo "2168"]
[BlackElo "2550"]

1.e4 e6 2.d4 d5 3.Nd2 c5 4.Ngf3 cxd4 5.Nxd4 Nc6 6.Nxc6 bxc6 7.Bd3 Nf6 8.O-O
Be7 9.f4 dxe4 10.Nxe4 Ba6 11.Bxa6 Qb6+ 12.Kh1 Qxa6 13.Ng3 h5 14.Be3 h4 15.Ne2
Rd8 16.Qe1 h3 17.Ng3 Qc4 18.Bg1 hxg2+ 19.Kxg2 Qxc2+ 20.Rf2 Qh7 21.Re2 Rd3
22.Re3 Qh3+ 23.Kf3 Qg4+ 24.Kg2 Nd5 25.Rxd3 Nxf4+ 26.Kh1 Nxd3 27.Qe3 Nb4 28.Rf1
Nd5 29.Qxa7 O-O 30.Qa6 Bd6 31.Qd3 Bxg3 32.Qxg3 Qc4 33.Qf3 e5 34.b3 Qc2 35.Rf2
Qg6 36.Rg2 Qe6 37.Qg3 g6 38.Re2 Nf4 39.Rd2 Qf5 40.Qe3 Kg7 41.Rd6 Rh8 42.Rxc6
Rh3 43.Qe1 Nh5 44.Qf2 Qe4+ {#R} 0-1

[Event "World Senior Teams +50"]
[Site "Hersonissos GRE"]
[Date "2017.04.24"]
[Round "1.3"]
[White "Greenfeld,A"]
[Black "Vilerte,T"]
[Result "1-0"]
[WhiteElo "2550"]
[BlackElo "2029"]

1.d4 c5 2.d5 e6 3.Nc3 d6 4.e4 Be7 5.Bb5+ Kf8 6.a4 g6 7.dxe6 fxe6 8.Nf3 Kg7
9.O-O a6 10.Bc4 Nc6 11.h3 Bf6 12.Be3 Nh6 13.Nh2 Nf7 14.f4 Bd4 15.Bxd4+ cxd4
16.Ne2 d5 17.Bd3 dxe4 18.Bxe4 Qb6 19.Kh1 Rd8 20.Ra3 d3 21.Bxd3 Qxb2 22.Rb3 Qf6
23.Ng4 Qe7 24.Qa1+ e5 25.f5 gxf5 26.Bxf5 Bxf5 27.Rxf5 Nd4 28.Nxd4 exd4 29.Rf4
Kg6 30.Rb6+ {#r} 1-0

[Event "World Senior Teams +50"]
[Site "Hersonissos GRE"]
[Date "2017.04.24"]
[Round "1.3"]
[White "Ungure,L"]
[Black "Soffer,R"]
[Result "0-1"]
[WhiteElo "1955"]
[BlackElo "2508"]

1.e4 c5 2.Nf3 e6 3.g3 Nc6 4.Bg2 Nf6 5.Qe2 e5 6.O-O Be7 7.Nc3 d6 8.Nd5 O-O 9.c3
h6 10.Rd1 Bg4 11.h3 Bh5 12.g4 Bg6 13.d4 exd4 14.cxd4 Nxd5 15.exd5 Nxd4 16.Nxd4
cxd4 17.Rxd4 Re8 18.Be3 Bg5 19.Rc4 Bxe3 20.fxe3 Qg5 21.Rc3 Be4 22.Rd1 h5
23.gxh5 Re5 24.Qg4 Bxg2 25.Kxg2 Qh6 26.Rc8+ Rxc8 27.Qxc8+ Kh7 28.Qc2+ f5
29.Rf1 Qxh5 30.Qd3 Qf7 31.Rd1 g6 32.Qd4 Qe7 33.Rd3 Re4 34.Qxa7 Qg5+ 35.Kf3
Qh5+ 36.Kg3 Rh4 37.Qxb7+ Kh6 {#R} 0-1

[Event "World Senior Teams +50"]
[Site "Hersonissos GRE"]
[Date "2017.04.24"]
[Round "1.3"]
[White "Zilberman,Y"]
[Black "Priedite,I"]
[Result "1-0"]
[WhiteElo "2430"]
[BlackElo "2068"]

1.d4 Nf6 2.Nf3 e6 3.c4 b6 4.Nc3 Bb4 5.e3 O-O 6.Bd3 Bb7 7.O-O c5 8.Na4 cxd4
9.a3 Be7 10.exd4 d6 11.Re1 Nbd7 12.b4 h6 13.Bb2 Re8 14.Nc3 a6 15.Rc1 Rc8
16.Nd2 Nf8 17.Nb3 Qd7 18.Rc2 Ba8 19.Re3 Qb7 20.Rg3 Ng6 21.Bc1 Bf8 22.Be3 e5
23.d5 Nf4 24.Bxf4 exf4 25.Rf3 b5 26.Na5 Qe7 27.Re2 Qc7 28.Rxf4 Rxe2 29.Bxe2
bxc4 30.Rxc4 Qd8 31.h3 Qe8 32.Qd2 Nd7 33.Re4 Qd8 34.Bxa6 Rb8 35.Nc6 Bxc6
36.dxc6 Ne5 37.Rxe5 {#r} 1-0

[Event "World Senior Teams +50"]
[Site "Hersonissos GRE"]
[Date "2017.04.24"]
[Round "1.4"]
[White "Vaganian,R"]
[Black "Papadimitriou,L"]
[Result "1-0"]
[WhiteElo "2560"]
[BlackElo "2003"]

1.Nf3 d5 2.g3 Nf6 3.Bg2 c6 4.O-O Bg4 5.d3 e6 6.Qe1 Be7 7.e4 O-O 8.Ne5 Bh5 9.f4
Nfd7 10.g4 Nxe5 11.gxh5 Ng4 12.h3 Bh4 13.Qe2 Nh6 14.c4 dxc4 15.dxc4 Nd7 16.Rd1
Qe7 17.Nd2 Rad8 18.Nf3 Bg3 19.Be3 f5 20.e5 Nc5 21.Ng5 Nf7 22.Nxf7 Kxf7 23.b4
Na4 24.Qc2 Qxb4 25.Rab1 Qc3 26.Qxc3 Nxc3 27.Rxb7+ Kg8 28.Rxd8 Rxd8 29.Bxc6
Bxf4 30.Bxf4 Ne2+ 31.Kf1 Nxf4 32.Bd7 Nd3 33.Bxe6+ Kf8 34.Rf7+ Ke8 35.Rxg7 Nxe5
36.Rxh7 Rd6 37.Bd5 Ra6 38.h6 Ra3 39.Rg7 Rxh3 40.h7 {#r} 1-0

[Event "World Senior Teams +50"]
[Site "Hersonissos GRE"]
[Date "2017.04.24"]
[Round "1.4"]
[White "Hrisanthopoulos,D"]
[Black "Minasian,Art"]
[Result "0-1"]
[WhiteElo "1996"]
[BlackElo "2480"]

1.e4 g6 2.d4 Bg7 3.Nc3 a6 4.a4 d6 5.Be3 Nf6 6.Qd2 Nc6 7.h3 O-O 8.Nf3 e5 9.dxe5
dxe5 10.Bc4 Qxd2+ 11.Bxd2 Nd4 12.O-O-O b5 13.Ba2 b4 14.Nd5 b3 15.Bxb3 Nxb3+
16.cxb3 Nxe4 17.Ne7+ Kh8 18.Nxc8 Nxf2 19.Ne7 e4 20.Ng5 Rae8 21.Nd5 Nxh1
22.Rxh1 Re5 23.Bb4 Rxg5 24.Bxf8 Bxf8 25.Nf6 e3 26.Re1 Rxg2 27.Ng4 e2 {#R} 0-1

[Event "World Senior Teams +50"]
[Site "Hersonissos GRE"]
[Date "2017.04.24"]
[Round "1.4"]
[White "Movsziszian,K"]
[Black "Sideris,N"]
[Result "1-0"]
[WhiteElo "2483"]
[BlackElo "1975"]

1.g3 g6 2.Bg2 Bg7 3.d4 Nf6 4.e4 d6 5.Nc3 O-O 6.Nge2 Nbd7 7.h3 c5 8.d5 b6 9.O-O
Ba6 10.a4 Bxe2 11.Qxe2 a6 12.g4 Ne8 13.Bg5 Nc7 14.f4 Bxc3 15.bxc3 f6 16.Bh6
Rf7 17.c4 e5 18.dxe6 Nxe6 19.Qd3 Ndf8 20.e5 dxe5 21.Bxa8 Qxa8 22.fxe5 Rd7
23.Qf3 Qxf3 24.Rxf3 fxe5 25.Raf1 Nf4 26.Bxf4 exf4 27.Rxf4 Ne6 28.Rf6 {#r} 1-0

[Event "World Senior Teams +50"]
[Site "Hersonissos GRE"]
[Date "2017.04.24"]
[Round "1.5"]
[White "Maryasin,B"]
[Black "Lagerborg,K"]
[Result "1-0"]
[WhiteElo "2335"]
[BlackElo "2062"]

1.e4 c5 2.Nf3 d6 3.d4 cxd4 4.Qxd4 Nc6 5.Bb5 Bd7 6.Bxc6 bxc6 7.O-O c5 8.Qd3 e5
9.Na3 h6 10.Nc4 Be6 11.Rd1 Nf6 12.Be3 Bxc4 13.Qxc4 Qc7 14.b4 Qc6 15.bxc5 Nxe4
16.Qb3 Nxc5 17.Bxc5 Qxc5 18.Nxe5 dxe5 19.Rd5 Qc7 20.Qa4+ Ke7 21.Rad1 Kf6
22.Rd7 Qb6 23.Qh4+ Kg6 24.Qe4+ f5 25.Qxa8 Kh7 26.Qd5 {#r} 1-0

[Event "World Senior Teams +50"]
[Site "Hersonissos GRE"]
[Date "2017.04.24"]
[Round "1.5"]
[White "Belytsky,A"]
[Black "Olsson,La"]
[Result "1-0"]
[WhiteElo "2214"]
[BlackElo "1930"]

1.Nf3 Nf6 2.c4 g6 3.Nc3 Bg7 4.e4 d6 5.d4 O-O 6.Be2 c5 7.d5 e6 8.O-O Na6 9.h3
Nc7 10.a4 e5 11.Bg5 h6 12.Be3 b6 13.Ne1 g5 14.Nd3 Nh7 15.Bg4 a6 16.Qf3 Bb7
17.b4 a5 18.bxc5 bxc5 19.Rab1 Bc8 20.Nb5 Na6 21.Bxc8 Rxc8 22.Qf5 Nb4 23.Rb3
Ra8 24.Rc1 Re8 25.g3 Ra6 26.Kg2 Nf8 27.Ne1 Ng6 28.Nf3 Ra8 29.h4 gxh4 30.Rh1
Nc2 31.Nxh4 Nxe3+ 32.Rxe3 Rf8 33.Nxg6 fxg6 34.Qxg6 Rf6 35.Qg4 Qe7 36.Rf3 Raf8
37.Rxf6 Qxf6 38.f3 Kh8 39.Rh5 Qe7 40.Rf5 Rg8 41.Qg6 {#r} 1-0